00607nam a2200193Ia 4500008004100000020001500041082001400056100002200070245003100092250000800123260004600131300003000177500001900207600002700226650002000253942000700273952011600280999001700396240925s9999 xx 000 0 und d a8131717402 a519.4 GER aGerald , F.Curtis 0aApplied Numerical Analysis a7th aNew Delhi:bPearson Printice Hallc,2004. axvi,313p.bN.AfPhotocopy aIncludes Index aEngineering Technology aNatural Science cBK 001040708ETaUITUbUITUd2011-02-11eF.B.Cg675.00l0o519.4 GERpQ8520r2024-09-25 07:14:59w2024-09-25yBK c11019d11019